FOOD SCIENCE CATERING TECHNOLOGY AND KITCHEN MANAGEMENT (Record no. 216159)

MARC details
000 -LEADER
fixed length control field 00452nam a22001577a 4500
008 - FIXED-LENGTH DATA ELEMENTS--GENERAL INFORMATION
fixed length control field 251111b |||||||| |||| 00| 0 eng d
020 ## - INTERNATIONAL STANDARD BOOK NUMBER
International Standard Book Number 979-8-88715-065-9
100 ## - MAIN ENTRY--PERSONAL NAME
Personal name ROTH, HERBERT
245 ## - TITLE STATEMENT
Title FOOD SCIENCE CATERING TECHNOLOGY AND KITCHEN MANAGEMENT
260 ## - PUBLICATION, DISTRIBUTION, ETC.
Place of publication, distribution, etc. DUBLIN
Name of publisher, distributor, etc. ORYSON PRESS
Date of publication, distribution, etc. 2023
300 ## - PHYSICAL DESCRIPTION
Extent VI, 310P
500 ## - GENERAL NOTE
General note INCLUDES INDEX
650 ## - SUBJECT ADDED ENTRY
Topical term or geographic name entry element 1, FOOD SERVICE 2. KITCHEN MANAGEMENT
942 ## - ADDED ENTRY ELEMENTS (KOHA)
Source of classification or shelving scheme Library of Congress Classification
Koha item type Long Loan Book
Holdings
Withdrawn status Lost status Source of classification or shelving scheme Damaged status Not for loan Home library Current library Date acquired Inventory number Total checkouts Full call number Barcode Date last seen Copy number Price effective from Koha item type
    Library of Congress Classification     Kisii University Library Kisii University Library 11/11/2025 109689   TX 911.3 .R68 2023 000000023603 11/11/2025 C.1 11/11/2025 Long Loan Book
    Library of Congress Classification     Kisii University Library Kisii University Library 11/11/2025 1O9690   TX 911.3 .R68 2023 000000023602 11/11/2025 C.2 11/11/2025 Long Loan Book
    Library of Congress Classification     Kisii University Library Kisii University Library 11/11/2025 109691   TX 911.3 .R68 2023 000000023601 11/11/2025 C.3 11/11/2025 Long Loan Book
    Library of Congress Classification     Kisii University Library Kisii University Library 11/11/2025 109692   TX 911.3 .R68 2023 000000023600 11/11/2025 C.4 11/11/2025 Long Loan Book